00677nam a2200205 a 4500001001000000005001700010008004100027041000800068050001300076110004400089245009300133260002300226300001800249500000900267610005400276902000800330942001100338999001500349952010700364BRCA_697320190320205650.0221111s19121913mx-#######---#000-0#ger-# ager 4bD48 19132 aDeutschen Ruder Vereins, Mexico91736710aIV. Jahresbericht des Deutschen Ruder Vereins Mexico.cder I.Vorsitzende W. Gottschalk. a[México]c[1913] a19 p.c22 cm. aL17524aFederación Alemana Club de Remo México917368 aGFM 2lcccB c6654d6654 00104070aBRCAbBRCAd2011-11-22iL175l0oD48 1913 (L175)p7420r2019-03-22 00:00:00w2019-03-22yB